Nit de pedra seca /
ISBN:
9788409448050
Descripción Física:
63 pàgines ; il·lustracions i fotografies en color i en blanc i negre ; 15 x 22 cm
Materias:
Barraques de pedra seca
; Barraques de pedra seca -- Llibres de làmines -- Catalunya
; Paredats de pedra seca
; Paredats de pedra seca -- Llibres de làmines -- Catalunya
Idioma:
Catalán
MARC
| LEADER | 00000nam a22000007a 4500 | ||
|---|---|---|---|
| 001 | 28013 | ||
| 003 | Arxiu | ||
| 005 | 20260324181518.0 | ||
| 008 | 230613b spa||||| |||| 00| 0 cat d | ||
| 017 | |a B 19570-2022 |b Biblioteca de Catalunya | ||
| 020 | |a 9788409448050 | ||
| 040 | |a agdb |b cat | ||
| 245 | |a Nit de pedra seca / |c Edició: Francina Cirera i Ricard Espelt | ||
| 250 | |b Octubre 2022 | ||
| 260 | |a [sense lloc : |b sense nom] ; |c 2022 | ||
| 264 | 3 | |a Jorba (Anoia) : |b Gràfiques Arga | |
| 300 | |a 63 pàgines ; |b il·lustracions i fotografies en color i en blanc i negre ; |c 15 x 22 cm | ||
| 500 | |a Al verso de la portada: "Nit de pedra seca és un projecte del centre de cultura i recerca contemporània inLoft (Copons)". | ||
| 500 | |a A la pàgina 12: "Les fotografies del llibre formen part de l'exposició 'Nit de pedra seca: què en fem de tu?' presentada en el marc del Festival de fotografia d'Igualada FineArt 2022". | ||
| 650 | 0 | |9 56542 |a Barraques de pedra seca | |
| 650 | 0 | |a Barraques de pedra seca |v Llibres de làmines |z Catalunya | |
| 650 | 0 | |9 56544 |a Paredats de pedra seca | |
| 650 | 0 | |a Paredats de pedra seca |v Llibres de làmines |z Catalunya | |
| 700 | 1 | |9 56546 |a Cirera, Francina |e edició | |
| 700 | 1 | |9 56547 |a Espelt, Ricard, |d 1973- |e edició | |
| 942 | |2 udc |c ARXIU |n 1 | ||
| 952 | |0 0 |1 0 |2 udc |4 0 |6 BIB1070 |7 1 |9 66491 |a Arxiu |b Arxiu |d 2023-06-13 |l 0 |o Bib-1070 |p 28013 |r 2023-06-13 00:00:00 |w 2023-06-13 |y ARXIU | ||
| 999 | |c 83815 |d 83815 | ||